<?xml version="1.0" encoding="UTF-8"?>
<record
    xmlns:xsi="http://www.w3.org/2001/XMLSchema-instance"
    xsi:schemaLocation="http://www.loc.gov/MARC21/slim http://www.loc.gov/standards/marcxml/schema/MARC21slim.xsd"
    xmlns="http://www.loc.gov/MARC21/slim">

  <leader>01516    a2200253   4500</leader>
  <controlfield tag="005">2008092304224.0</controlfield>
  <controlfield tag="008">080923t        xxu||||| |||| 00| 0 hin d</controlfield>
  <datafield tag="010" ind1=" " ind2=" ">
    <subfield code="a">HIN-81390</subfield>
  </datafield>
  <datafield tag="020" ind1=" " ind2=" ">
    <subfield code="c">90.00</subfield>
    <subfield code="a">8171245315</subfield>
  </datafield>
  <datafield tag="035" ind1=" " ind2=" ">
    <subfield code="a">HN-53736</subfield>
  </datafield>
  <datafield tag="037" ind1=" " ind2=" ">
    <subfield code="b">D.B.Act / pub</subfield>
  </datafield>
  <datafield tag="082" ind1=" " ind2=" ">
    <subfield code="a">821</subfield>
  </datafield>
  <datafield tag="100" ind1=" " ind2=" ">
    <subfield code="a">&#x92E;&#x93F;&#x936;&#x94D;&#x930;, &#x936;&#x94D;&#x92F;&#x93E;&#x92E; &#x915;&#x93F;&#x936;&#x94B;&#x930; '&#x936;&#x94D;&#x930;&#x92E;&#x91C;&#x940;&#x935;&#x940;'</subfield>
  </datafield>
  <datafield tag="245" ind1=" " ind2=" ">
    <subfield code="a">&#x907;&#x924;&#x93F;&#x939;&#x93E;&#x938; &#x915;&#x93E; &#x926;&#x930;&#x94D;&#x926;&#x903;&#x930;&#x93E;&#x937;&#x94D;&#x91F;&#x94D;&#x930;&#x93F;&#x92F; &#x92D;&#x93E;&#x935;&#x92C;&#x94B;&#x927; &#x915;&#x940; &#x915;&#x935;&#x93F;&#x924;&#x93E;&#x90F;&#x901;/</subfield>
    <subfield code="c">&#x936;&#x94D;&#x92F;&#x93E;&#x92E; &#x915;&#x93F;&#x936;&#x94B;&#x930; &#x92E;&#x93F;&#x936;&#x94D;&#x930; '&#x936;&#x94D;&#x930;&#x92E;&#x91C;&#x940;&#x935;&#x940;';&#x930;&#x93E;&#x92E;&#x91A;&#x928;&#x94D;&#x926;&#x94D;&#x930; &#x924;&#x93F;&#x935;&#x93E;&#x930;&#x940; &#x926;&#x94D;&#x935;&#x93E;&#x930;&#x93E; &#x938;&#x902;&#x92A;&#x93E;&#x926;&#x93F;&#x924;</subfield>
  </datafield>
  <datafield tag="246" ind1=" " ind2=" ">
    <subfield code="a">Itihas ka Darda</subfield>
    <subfield code="b">by Shyam Kishore Mishra; Ed by Ramchandra Tiwari</subfield>
  </datafield>
  <datafield tag="260" ind1=" " ind2=" ">
    <subfield code="a">&#x935;&#x93E;&#x930;&#x93E;&#x923;&#x938;&#x940;</subfield>
    <subfield code="b">&#x935;&#x93F;&#x936;&#x94D;&#x935;&#x935;&#x93F;&#x926;&#x94D;&#x92F;&#x93E;&#x932;&#x92F; &#x92A;&#x94D;&#x930;&#x915;&#x93E;&#x936;&#x928;&#x94D;</subfield>
    <subfield code="c">2007</subfield>
  </datafield>
  <datafield tag="270" ind1=" " ind2=" ">
    <subfield code="a">&#x92A;&#x94B;.&#x92C;&#x93E;1149, &#x935;&#x93F;&#x936;&#x93E;&#x932;&#x93E;&#x915;&#x94D;&#x937;&#x940; &#x92D;&#x935;&#x928; &#x91A;&#x94C;&#x915;</subfield>
    <subfield code="b">&#x935;&#x93E;&#x930;&#x93E;&#x923;&#x938;&#x940;</subfield>
    <subfield code="k">0542-2413741, 2413082</subfield>
    <subfield code="e">221001</subfield>
    <subfield code="m">vvp@vsnl.com</subfield>
  </datafield>
  <datafield tag="300" ind1=" " ind2=" ">
    <subfield code="a">107&#x92A;&#x943;</subfield>
    <subfield code="c">22 &#x938;&#x947;&#x92E;&#x940; (&#x905;&#x91C;&#x93F;&#x932;&#x94D;&#x926;)</subfield>
  </datafield>
  <datafield tag="650" ind1=" " ind2=" ">
    <subfield code="a">&#x939;&#x93F;&#x928;&#x94D;&#x926;&#x940; &#x915;&#x935;&#x93F;&#x924;&#x93E;&#x90F;&#x901;</subfield>
  </datafield>
  <datafield tag="650" ind1=" " ind2=" ">
    <subfield code="a">Hindi   Pomes</subfield>
  </datafield>
  <datafield tag="700" ind1=" " ind2=" ">
    <subfield code="a">&#x924;&#x93F;&#x935;&#x93E;&#x930;&#x940;, &#x930;&#x93E;&#x92E;&#x91A;&#x928;&#x94D;&#x926;&#x94D;&#x930;</subfield>
  </datafield>
  <datafield tag="942" ind1=" " ind2=" ">
    <subfield code="a">dpl</subfield>
    <subfield code="c">HN</subfield>
    <subfield code="k">821 / &#x92E;&#x93F;&#x936;&#x94D;&#x930;&#x936;&#x94D;&#x92F;&#x93E;</subfield>
    <subfield code="2">ddc</subfield>
    <subfield code="h">821 </subfield>
    <subfield code="m"> &#x92E;&#x93F;&#x936;&#x94D;&#x930;&#x936;&#x94D;&#x92F;&#x93E;</subfield>
  </datafield>
  <datafield tag="999" ind1=" " ind2=" ">
    <subfield code="c">8296</subfield>
    <subfield code="d">8296</subfield>
  </datafield>
  <datafield tag="952" ind1=" " ind2=" ">
    <subfield code="0">0</subfield>
    <subfield code="1">0</subfield>
    <subfield code="2">ddc</subfield>
    <subfield code="4">0</subfield>
    <subfield code="7">0</subfield>
    <subfield code="a">DBAD</subfield>
    <subfield code="b">DBAD</subfield>
    <subfield code="d">2008-09-23</subfield>
    <subfield code="g">90.00</subfield>
    <subfield code="l">0</subfield>
    <subfield code="o">821   &#x92E;&#x93F;&#x936;&#x94D;&#x930;&#x936;&#x94D;&#x92F;&#x93E;</subfield>
    <subfield code="p">HN-53736</subfield>
    <subfield code="r">2008-09-15 00:00:00</subfield>
    <subfield code="t">1</subfield>
    <subfield code="u">9206</subfield>
    <subfield code="v">90.00</subfield>
    <subfield code="w">2008-09-15</subfield>
    <subfield code="y">HN</subfield>
  </datafield>
</record>
